LEADER 00915nam0-22002891i-450- 001 990006154400403321 005 19980601 035 $a000615440 035 $aFED01000615440 035 $a(Aleph)000615440FED01 035 $a000615440 100 $a19980601d1959----km-y0itay50------ba 105 $a--------00-yy 200 1 $a<>antike Buchwesen in seinem Verhaltniss zur Litteratur$emit beitragen zur Textgeschichte des Theokrit, Catull, Properz und anderer Autoren$fTheodor Birt. 210 $aAalen$cScientia$d1959 215 $aVII,, 518 p.$d24 cm 300 $aUnveranderter Nachdruck 676 $a870 700 1$aBirt,$bTheodor$0182536 801 0$aIT$bUNINA$gRICA$2UNIMARC 901 $aBK 912 $a990006154400403321 952 $aIV Z L STUDI 9$b62773$fFGBC 959 $aFGBC 996 $aAntike Buchwesen in seinem Verhältniss zur Litteratur$9596722 997 $aUNINA DB $aGIU01